[Event "Mittelfrank Regionalliga Nord-Ost 2223"]
[Site "Mittelfranken"]
[Date "2023.03.19"]
[Round "8.8"]
[White "Bilous, Danylo"]
[Black "Blumenthal, Benjamin"]
[Result "1/2-1/2"]
[WhiteElo "1747"]
[BlackElo "1632"]
[PlyCount "43"]
[EventDate "2022.10.09"]
[EventType "team-tourn"]
[EventRounds "9"]
[EventCountry "GER"]
[SourceTitle "EXT 2024"]
[Source "ChessBase"]
[SourceDate "2023.10.10"]
[SourceVersion "1"]
[SourceVersionDate "2023.10.10"]
[SourceQuality "1"]
[WhiteTeam "Buechenbach/Roth"]
[BlackTeam "Nuernberg Noris Tarrasch III"]
[WhiteTeamCountry "GER"]
[BlackTeamCountry "GER"]

1. d4 d5 2. c4 c6 3. Nc3 Nf6 4. Nf3 e6 5. Bg5 Be7 6. e3 h6 7. Bh4 Nbd7 8. cxd5 exd5 9. Be2 0-0 10. 0-0 Re8 11. Qc2 Nf8 12. h3 Bd6 13. e4 dxe4 14. Nxe4 Be7 15. Nxf6+ Bxf6 16. Bxf6 Qxf6 17. Rfe1 Be6 18. Rad1 Ng6 19. Bc4 Bxc4 20. Qxc4 Nf4 21. Ne5 Nd5 22. Re2 1/2-1/2

[Event "Mittelfrank Regionalliga Nord-Ost 2122"]
[Site "Mittelfranken"]
[Date "2021.10.24"]
[Round "1.8"]
[White "Poerzgen, Michael"]
[Black "Bilous, Danylo"]
[Result "0-1"]
[WhiteElo "1707"]
[BlackElo "1756"]
[PlyCount "114"]
[EventDate "2021.10.24"]
[EventType "team-tourn"]
[EventRounds "9"]
[EventCountry "GER"]
[SourceTitle "EXT 2024"]
[Source "ChessBase"]
[SourceDate "2023.10.10"]
[SourceVersion "1"]
[SourceVersionDate "2023.10.10"]
[SourceQuality "1"]
[WhiteTeam "Nuernberg Sued SW II"]
[BlackTeam "Buechenbach/Roth"]
[WhiteTeamCountry "GER"]
[BlackTeamCountry "GER"]

1. d4 Nf6 2. Bf4 g6 3. Nc3 d5 4. e3 Bg7 5. Be2 c6 6. Nf3 Nbd7 7. Qd2 0-0 8. h4 c5 9. 0-0-0 Ne4 10. Nxe4 dxe4 11. Ng5 cxd4 12. exd4 Nf6 13. h5 gxh5 14. Bxh5 Nxh5 15. Rxh5 Bg4 16. Rxh7 Bxd1 17. Rxg7+ Kxg7 18. Be5+ Kg6 19. Kxd1 Qd7 20. Nxe4 f6 21. Bg3 Rh8 22. c3 Rh1+ 23. Ke2 Qb5+ 24. Ke3 Qf1 25. Qd3 Qxd3+ 26. Kxd3 Rg1 27. Nd2 Rh1 28. Bf4 Rd8 29. Kc2 Kf5 30. Be3 e5 31. dxe5 fxe5 32. a3 b6 33. Nf3 Rg8 34. g3 Ke4 35. Nd2+ Kd5 36. Kb3 Rb8 37. Kc2 Rh7 38. c4+ Ke6 39. c5 Kd5 40. cxb6 axb6 41. Kb3 b5 42. Nb1 Ke4 43. Nd2+ Kd3 44. Nf3 e4 45. Ne1+ Ke2 46. Nc2 Rd7 47. Nd4+ Kf1 48. Kb4 Rf7 49. g4 Rxf2 50. b3 Rf3 51. Nf5 Rg8 52. Bd4 Rxg4 53. Ne3+ Rxe3 54. Bxe3 Ke2 55. Bc5 Kd3 56. Kxb5 Rg5 57. Kb4 Rxc5 0-1

[Event "GER-ch U14"]
[Site "Willingen"]
[Date "2020.10.20"]
[Round "1"]
[White "Schubert, Nikita"]
[Black "Bilous, Danylo"]
[Result "1-0"]
[WhiteElo "1946"]
[BlackElo "1723"]
[PlyCount "111"]
[EventDate "2020.10.19"]
[EventType "swiss"]
[EventRounds "7"]
[EventCountry "GER"]
[SourceTitle "EXT 2022"]
[Source "ChessBase"]
[SourceDate "2021.10.06"]
[SourceVersion "1"]
[SourceVersionDate "2021.10.06"]
[SourceQuality "1"]

1. d4 Nf6 2. c4 g6 3. Nf3 Bg7 4. g3 0-0 5. Bg2 d5 6. 0-0 dxc4 7. Na3 Nc6 8. Nxc4 Be6 9. b3 Bd5 10. Bb2 a5 11. Nfe5 Bxg2 12. Kxg2 Qd5+ 13. f3 Rfd8 14. e4 Qb5 15. Nxc6 Qxc6 16. Rc1 Qa6 17. Qc2 c6 18. Rfd1 Bh6 19. Rb1 Qb5 20. Ba3 Kf8 21. Bc5 Nd7 22. a4 Qa6 23. Ba3 b5 24. Ne5 Nxe5 25. dxe5 b4 26. Bc1 Bxc1 27. Rbxc1 c5 28. Kf2 Qe6 29. f4 Rd4 30. Rxd4 cxd4 31. Qd3 g5 32. Rc4 Qh3 33. Kg1 gxf4 34. Rxd4 Rc8 35. Rd8+ Kg7 36. Rxc8 Qxc8 37. gxf4 Qc1+ 38. Kg2 Qc3 39. Qg3+ Kf8 40. Kh3 Ke8 41. Kh4 Kd7 42. Qg4+ Kc7 43. Qg5 Qxb3 44. Qxe7+ Kb6 45. Qd8+ Ka6 46. Qa8+ Kb6 47. Qb8+ Kc5 48. Qa7+ Kc4 49. Qxf7+ Kc3 50. Qxb3+ Kxb3 51. e6 Ka2 52. e7 b3 53. e8Q b2 54. Qb5 h5 55. e5 Ka3 56. Qxb2+ 1-0